ロード中...
Sastrathinte gathi /
| 第一著者: | |
|---|---|
| フォーマット: | Printed Book |
| 言語: | Malayalam |
| 出版事項: |
Mathrubhumi ,
1956.
|
| LEADER | 00431nam a2200133Ia 4500 | ||
|---|---|---|---|
| 008 | 150624b xxu||||| |||| 00| | mal d | ||
| 082 | |a 456 | ||
| 100 | |a Bhaskaran Nair, K. | ||
| 245 | |c K. Bhaskaran Nair |a Sastrathinte gathi / | ||
| 260 | |b Mathrubhumi , |c 1956. | ||
| 546 | |a In Malayalam. | ||
| 942 | |c BK | ||
| 999 | |c 71025 |d 71025 | ||
| 952 | |0 1 |1 0 |2 ddc |4 1 |6 456_000000000000000_KUT_V |7 0 |9 71002 |a UL |b UL |c ST2 |d 1998-08-28 |l 0 |o 456 KUT/V |p 885 |r 2012-10-27 |y BK | ||